| 000 | 00834cam a2200241 a 4500 | ||
|---|---|---|---|
| 001 | 000003387 | ||
| 005 | 20200929150428.0 | ||
| 008 | 981028s1999 ck 000 1 spa | ||
| 020 | _a0789906554 | ||
| 040 |
_aDO-SdBNP _cDLC _dDLC _dOCoLC _dDLC |
||
| 041 | 1 | 7 |
_aspa _heng _2Código de idioma MARC |
| 082 |
_a813.54 _bL183ap |
||
| 100 | 1 |
_aLaHaye, Tim F. _910555 |
|
| 245 | 1 | 0 |
_aApolión : _bel destructor es desencadenado / _cTim LaHaye, Jerry B. Jenkins ; traducido al español por Nellyda Plablovsky. |
| 260 |
_aMiami, Fl. : _bUnilit, _c1999. |
||
| 300 |
_a353 p. ; _c23 cm. |
||
| 500 | _aTítulo original: Apollyon | ||
| 650 | 4 |
_aNovela estadounidense _9262 |
|
| 650 | 4 |
_aLiteratura estadounidense _9263 |
|
| 700 | 1 |
_aJenkins, Jerry B. _910556 |
|
| 700 | 1 |
_aPablovsky, Nellyda ; _etr. _910557 |
|
| 910 | _aCatalogación por copia / LC | ||
| 999 |
_c3217 _d3217 |
||